[Event "Aimchess Rapid Prelim"]
[Site "chess24.com INT"]
[Date "2022.10.16"]
[Round "11.8"]
[White "Grandelius, Nils"]
[Black "Naroditsky, Daniel"]
[Result "0-1"]
[WhiteTitle "GM"]
[BlackTitle "GM"]
[WhiteElo "2651"]
[BlackElo "2617"]
[WhiteFideId "1710400"]
[BlackFideId "2026961"]
[EventDate "2022.10.14"]

1. e4 Nc6 2. Nf3 d6 3. d4 Nf6 4. Nc3 g6 5. Be3 Bg7 6. Qd2 O-O 7. d5 Nb8 8. Bh6
c6 9. O-O-O Qb6 10. Bxg7 Kxg7 11. h3 Nbd7 12. g4 Nc5 13. g5 Nh5 14. Be2 e5 15.
dxc6 Qxc6 16. Bb5 Qb6 17. Qxd6 Qxd6 18. Rxd6 a6 19. Bc4 Re8 20. b4 Ne6 21. Nd5
b5 22. Bb3 Bb7 23. h4 Rad8 24. Rb6 Bc8 25. Re1 Nef4 26. Nf6 Re7 27. Re3 h6 28.
Kb2 hxg5 29. hxg5 Be6 30. Nxh5+ gxh5 31. Nh4 Rc7 32. Rc3 Rxc3 33. Kxc3 Rd1 34.
Bxe6 Nxe6 35. g6 Rh1 36. gxf7 Rh3+ 37. Kd2 Kxf7 38. Ng6 Ra3 39. Nxe5+ Ke7 40.
Nd3 h4 41. Rb7+ Kf6 42. Rh7 Ng5 43. Rh6+ Kg7 44. Rh5 Nxe4+ 45. Ke3 Nd6 46. Rxh4
Nf5+ 47. Kd2 Nxh4 0-1

[Event "Aimchess Rapid Prelim"]
[Site "chess24.com INT"]
[Date "2022.10.16"]
[Round "12.1"]
[White "Giri, Anish"]
[Black "Naroditsky, Daniel"]
[Result "1/2-1/2"]
[WhiteTitle "GM"]
[BlackTitle "GM"]
[WhiteElo "2764"]
[BlackElo "2617"]
[WhiteFideId "24116068"]
[BlackFideId "2026961"]
[EventDate "2022.10.14"]

1. e4 c6 2. Nf3 d5 3. d3 Qc7 4. exd5 cxd5 5. c4 Nf6 6. Nc3 e6 7. Bg5 Bb4 8. Bxf6
gxf6 9. Qa4+ Nc6 10. cxd5 exd5 11. Be2 Qa5 12. Qxa5 Bxa5 13. O-O Bxc3 14. bxc3
Be6 15. Rfb1 b6 16. Kf1 Ke7 17. Ke1 Rac8 18. Kd2 Rc7 19. a4 Rhc8 20. Ra3 Kd6 21.
Bd1 Bf5 22. Nh4 Be6 23. Nf3 Bf5 24. Nh4 Be6 25. Nf3 1/2-1/2

[Event "Aimchess Rapid Prelim"]
[Site "chess24.com INT"]
[Date "2022.10.16"]
[Round "12.3"]
[White "Duda, Jan-Krzysztof"]
[Black "Abdusattorov, Nodirbek"]
[Result "1/2-1/2"]
[WhiteTitle "GM"]
[BlackTitle "GM"]
[WhiteElo "2731"]
[BlackElo "2713"]
[WhiteFideId "1170546"]
[BlackFideId "14204118"]
[EventDate "2022.10.14"]

1. d4 Nf6 2. c4 e6 3. Nf3 d5 4. g3 dxc4 5. Bg2 Nc6 6. Qa4 Bb4+ 7. Bd2 Nd5 8. Qb5
Bxd2+ 9. Nbxd2 c3 10. bxc3 Nxc3 11. Qd3 Nd5 12. O-O O-O 13. Rfc1 a5 14. h4 h6
15. a3 Nde7 16. Nc4 b6 17. e4 Ba6 18. Qe3 Rc8 19. Ra2 Qd7 20. Rd2 a4 21. Bh3
Bxc4 22. Rxc4 Na5 23. Rc3 c6 24. g4 Qd6 25. h5 Nb3 26. Rdd3 f6 27. e5 Qd7 28.
exf6 Nd5 29. Ne5 Qd6 30. f7+ Rxf7 31. Nxf7 Kxf7 32. Qe4 Nxc3 33. Rxc3 Nxd4 34.
g5 Rf8 35. Rd3 c5 36. gxh6 gxh6 37. Rg3 Qd5 38. Qf4+ Ke8 39. Qb8+ Qd8 40. Qe5
Qd5 41. Qb8+ Qd8 42. Qe5 Qd5 43. Qb8+ 1/2-1/2

[Event "Aimchess Rapid Prelim"]
[Site "chess24.com INT"]
[Date "2022.10.16"]
[Round "12.4"]
[White "Mamedyarov, Shakhriyar"]
[Black "Harikrishna, Pentala"]
[Result "1-0"]
[WhiteTitle "GM"]
[BlackTitle "GM"]
[WhiteElo "2747"]
[BlackElo "2717"]
[WhiteFideId "13401319"]
[BlackFideId "5007003"]
[EventDate "2022.10.14"]

1. d4 d5 2. Bf4 Nf6 3. Nc3 c5 4. e3 cxd4 5. exd4 Bg4 6. f3 Bd7 7. g4 Nc6 8. Qd2
e6 9. Bb5 Rc8 10. Nge2 a6 11. Bxc6 Bxc6 12. h4 Bb5 13. Nxb5 axb5 14. c3 Be7 15.
h5 Nd7 16. a3 Nb6 17. b3 h6 18. Qd3 Qd7 19. Kf2 Qc6 20. Rhg1 Nd7 21. Bd2 e5 22.
dxe5 Nxe5 23. Qf5 Qc7 24. Bf4 Bf6 25. Rad1 Rd8 26. Kg2 O-O 27. Bxh6 Rfe8 28. Bf4
Qc5 29. Rge1 Re6 30. Nd4 Qxc3 31. Bxe5 Qb2+ 32. Re2 1-0

[Event "Aimchess Rapid Prelim"]
[Site "chess24.com INT"]
[Date "2022.10.16"]
[Round "12.8"]
[White "Rapport, Richard"]
[Black "Anton Guijarro, David"]
[Result "1/2-1/2"]
[WhiteTitle "GM"]
[BlackTitle "GM"]
[WhiteElo "2754"]
[BlackElo "2655"]
[WhiteFideId "738590"]
[BlackFideId "2285525"]
[EventDate "2022.10.14"]

1. e4 e5 2. Nf3 Nc6 3. g3 Nf6 4. d3 Bc5 5. Bg2 O-O 6. O-O a5 7. Nxe5 Nxe5 8. d4
d5 9. dxc5 Nxe4 10. Bf4 Ng6 11. Be3 Bf5 12. c4 Be6 13. Qc2 f5 14. Rd1 c6 15.
cxd5 Bxd5 16. Nc3 Nxc3 17. bxc3 f4 18. c4 fxe3 19. fxe3 Qe7 20. cxd5 cxd5 21.
Qb3 Kh8 22. Rxd5 Rac8 23. Qc3 Rfe8 24. Rf1 Qc7 25. Qd4 Ne5 26. Qf4 Qe7 27. Qd4
Nc6 28. Qc3 h6 29. e4 Nb4 30. Rh5 Kh7 31. a3 Na6 32. Qxa5 Rxc5 33. Rxc5 Qxc5+
34. Qxc5 Nxc5 35. Rc1 b6 36. Rc4 Ra8 37. Rc3 Rd8 38. e5 Kg6 39. Re3 Kf7 40. Bf1
Rd4 41. Kf2 Ke6 42. Kf3 g5 43. Bh3+ Ke7 44. Bf5 h5 45. Ke2 Rc4 46. Kd2 Rd4+ 47.
Kc3 Ra4 48. Kb2 Rd4 49. Kc3 Ra4 50. Kb2 Rd4 51. h3 h4 52. gxh4 gxh4 53. Kc3 Ra4
54. Kd2 Rf4 55. Bg4 Rd4+ 56. Ke2 Rf4 57. Ke1 Ra4 58. Kf2 Rf4+ 59. Kg2 Rf8 60.
Rf3 Rd8 61. Rf6 Rd3 62. Rxb6 Rg3+ 63. Kf1 Rxa3 64. Rc6 Nd3 65. Rc7+ Kd8 66. Rd7+
Ke8 67. e6 Nf4 68. Rf7 Nxe6 69. Bxe6 Rxh3 70. Rh7 Re3 71. Bg4 Re7 72. Rh6 Kf7
73. Kg2 h3+ 74. Kxh3 Kg7 75. Rb6 Re5 76. Kg3 Kf7 77. Kf4 Rc5 78. Bf5 Ke7 79. Ke4
Ra5 80. Re6+ Kf7 81. Kf4 Ra7 82. Kg5 Re7 83. Rh6 Kg7 84. Be6 Rc7 85. Rg6+ Kf8
86. Kf5 Ke7 87. Ke5 Rc5+ 88. Bd5 Rc7 89. Rh6 Rd7 90. Rc6 Ra7 91. Re6+ Kd7 92.
Rh6 Rc7 93. Be6+ Ke7 94. Rh7+ Kd8 95. Rh8+ Ke7 96. Kd5 Kf6 97. Kd6 Ra7 98. Rf8+
Kg5 99. Ke5 Rg7 100. Rf1 Rg6 101. Bf7 Rg7 102. Ke6 Kh6 103. Kf6 Rg6+ 104. Ke7
Rg3 105. Rf5 Kg7 106. Re5 Rg1 107. Re2 Rg3 108. Ke6 Rg1 109. Be8 Rg5 110. Rh2
Rg3 111. Bb5 Re3+ 112. Kf5 Rf3+ 113. Ke4 Rg3 114. Kf4 Rb3 115. Bc6 Rc3 116. Bd5
Kf6 117. Rh6+ Ke7 118. Ke5 Rc7 119. Bc6 Kd8 120. Kd6 Rd7+ 121. Kc5 Rg7 122. Re6
Kc7 123. Bd5 Kd7 124. Rb6 1/2-1/2

[Event "Aimchess Rapid Prelim"]
[Site "chess24.com INT"]
[Date "2022.10.17"]
[Round "13.1"]
[White "Anton Guijarro, David"]
[Black "Giri, Anish"]
[Result "1/2-1/2"]
[WhiteTitle "GM"]
[BlackTitle "GM"]
[WhiteElo "2655"]
[BlackElo "2764"]
[WhiteFideId "2285525"]
[BlackFideId "24116068"]
[EventDate "2022.10.14"]

1. Nf3 d5 2. d4 Nf6 3. e3 c5 4. Be2 Nc6 5. O-O Bg4 6. h3 Bxf3 7. Bxf3 cxd4 8.
exd4 e6 9. c3 Bd6 10. Nd2 O-O 11. Be2 Qc7 12. Bd3 h6 13. Re1 e5 14. dxe5 Nxe5
15. Nf3 Nxd3 16. Qxd3 Rfe8 17. Be3 Bc5 18. Bxc5 Qxc5 19. Nd4 Re4 20. f3 Ree8 21.
Qd2 Qc7 22. Rxe8+ Rxe8 23. Re1 Re5 24. Re3 a6 25. Qe1 Rxe3 26. Qxe3 Qb6 27. b3
Qc5 28. a4 Qa3 29. Kh2 Qd6+ 30. Kg1 Qa3 31. g4 Qb2 32. h4 h5 33. gxh5 Qb1+ 34.
Kf2 Qb2+ 35. Ne2 Qxb3 36. h6 gxh6 37. Qxh6 Qb6+ 38. Qe3 Nd7 39. Nf4 Qxe3+ 40.
Kxe3 Nb6 41. Kd4 Nxa4 42. Nxd5 Kg7 43. c4 Kg6 44. Ne7+ Kh5 45. Nf5 b6 46. Nd6 1/2-1/2

[Event "Aimchess Rapid Prelim"]
[Site "chess24.com INT"]
[Date "2022.10.17"]
[Round "13.3"]
[White "Vidit, Santosh Gujrathi"]
[Black "Aditya, Mittal"]
[Result "1-0"]
[WhiteTitle "GM"]
[BlackTitle "IM"]
[WhiteElo "2710"]
[BlackElo "2486"]
[WhiteFideId "5029465"]
[BlackFideId "35042025"]
[EventDate "2022.10.14"]

1. d4 Nf6 2. c4 e6 3. Nf3 d5 4. Nc3 c5 5. e3 Nc6 6. a3 dxc4 7. Bxc4 a6 8. Bd3 b5
9. dxc5 Bxc5 10. b4 Be7 11. O-O Bb7 12. Qe2 O-O 13. Rd1 Qc7 14. Bb2 Rfd8 15. Ne4
Nxe4 16. Bxe4 Rac8 17. h4 h6 18. Rac1 Rxd1+ 19. Rxd1 Bf6 20. Bxf6 gxf6 21. Qb2
Qe7 22. Rc1 f5 23. Bxc6 Rxc6 24. Rxc6 Bxc6 25. Ne5 Bd5 26. Qd4 Qc7 27. Nd3 Qc2
28. Nf4 Qe4 29. Qf6 Bb7 30. Qxh6 Qe5 31. Nh5 1-0

[Event "Aimchess Rapid Prelim"]
[Site "chess24.com INT"]
[Date "2022.10.17"]
[Round "13.6"]
[White "Abdusattorov, Nodirbek"]
[Black "Mamedyarov, Shakhriyar"]
[Result "1-0"]
[WhiteTitle "GM"]
[BlackTitle "GM"]
[WhiteElo "2713"]
[BlackElo "2747"]
[WhiteFideId "14204118"]
[BlackFideId "13401319"]
[EventDate "2022.10.14"]

1. d4 d5 2. Nf3 Nf6 3. c3 g6 4. Bf4 Bg7 5. e3 O-O 6. Be2 c5 7. O-O Nc6 8. Nbd2
Nh5 9. Bg5 h6 10. Bh4 g5 11. Bg3 cxd4 12. exd4 f5 13. Be5 Nxe5 14. Nxe5 Bxe5 15.
dxe5 Nf4 16. Nf3 Qc7 17. Re1 g4 18. Nd4 Qxe5 19. Qd2 Qd6 20. Nb5 Qb8 21. Bf1 a6
22. Nd4 e5 23. g3 Nh5 24. Qxh6 Ng7 25. Rad1 Qc7 26. Bg2 e4 27. c4 dxc4 28. Rxe4
fxe4 29. Bxe4 Rf7 30. Bh7+ Kf8 31. Bg6 Qe5 32. Kf1 Qf6 33. Qh8+ Ke7 34. Nc6+ Ke6
35. Nd8+ Ke7 36. Nxf7 Qxg6 37. Ne5 Qf6 38. Qd8+ 1-0

[Event "Aimchess Rapid Prelim"]
[Site "chess24.com INT"]
[Date "2022.10.17"]
[Round "13.8"]
[White "Naroditsky, Daniel"]
[Black "Carlsen, Magnus"]
[Result "1/2-1/2"]
[WhiteTitle "GM"]
[BlackTitle "GM"]
[WhiteElo "2617"]
[BlackElo "2856"]
[WhiteFideId "2026961"]
[BlackFideId "1503014"]
[EventDate "2022.10.14"]

1. e4 e6 2. d4 d5 3. Nd2 c5 4. Ngf3 cxd4 5. Nxd4 Nc6 6. Bb5 Bd7 7. Nxc6 bxc6 8.
Bd3 Qc7 9. Qe2 Ne7 10. Nf3 Ng6 11. e5 c5 12. c4 dxc4 13. Bxc4 Rb8 14. O-O Be7
15. b3 O-O 16. Bb2 Bc6 17. Ne1 Rbd8 18. g3 Rd7 19. f4 Rfd8 20. Nf3 Bd5 21. Rac1
Nf8 22. Bc3 Bxc4 23. bxc4 Qc6 24. Ba5 Rb8 25. Rfd1 h5 26. h4 g6 27. Be1 Rxd1 28.
Rxd1 Nd7 29. Bf2 Rb4 30. a3 Rb3 31. Rd3 Rxd3 32. Qxd3 Nb6 33. Nd2 Qa4 34. Qb3
Qxb3 35. Nxb3 Nxc4 36. a4 f6 37. exf6 Bxf6 38. Nxc5 Kf7 39. Na6 Nb6 40. a5 Nc4
41. Bxa7 Nxa5 42. Kf2 e5 1/2-1/2

[Event "Aimchess Rapid Prelim"]
[Site "chess24.com INT"]
[Date "2022.10.17"]
[Round "14.1"]
[White "Giri, Anish"]
[Black "Carlsen, Magnus"]
[Result "1/2-1/2"]
[WhiteTitle "GM"]
[BlackTitle "GM"]
[WhiteElo "2764"]
[BlackElo "2856"]
[WhiteFideId "24116068"]
[BlackFideId "1503014"]
[EventDate "2022.10.14"]

1. e4 c6 2. d4 d5 3. exd5 cxd5 4. c4 Nf6 5. Nc3 Nc6 6. Nf3 a6 7. cxd5 Nxd5 8.
Bc4 e6 9. O-O Be7 10. Re1 O-O 11. h3 Nf6 12. Bb3 Na5 13. Bc2 b5 14. Qd3 Bb7 15.
Ne5 Nc6 16. Nxc6 Bxc6 17. Bg5 g6 18. Bb3 b4 19. Na4 Ra7 20. Rad1 Nd5 21. Bh6 Re8
22. Nc5 Bg5 23. Bxg5 Qxg5 24. Re5 Qh4 25. Bxd5 Bxd5 26. Nxa6 Qe7 27. a3 bxa3 28.
bxa3 Bxg2 29. Kxg2 Qb7+ 30. Qf3 Qxf3+ 31. Kxf3 Rxa6 32. d5 Rxa3+ 33. Kg2 Ra5 34.
Rde1 Kg7 35. dxe6 Rxe5 36. Rxe5 Rxe6 37. Ra5 Re4 38. Kg3 Rb4 39. f3 Rb7 40. h4
Kh6 41. Rd5 Ra7 42. Rb5 f5 43. Rc5 Kh5 44. Rc4 Ra3 45. Rb4 h6 46. Kg2 Ra2+ 47.
Kh3 Ra1 48. Kg2 g5 49. hxg5 hxg5 50. Rb8 Ra2+ 51. Kh3 Ra3 52. Kg2 f4 53. Rh8+
Kg6 54. Rg8+ Kf6 55. Kf2 Ra2+ 56. Kf1 Ra1+ 57. Kf2 Ra2+ 58. Kf1 Ra1+ 59. Kf2
Ra2+ 1/2-1/2

[Event "Aimchess Rapid Prelim"]
[Site "chess24.com INT"]
[Date "2022.10.17"]
[Round "14.3"]
[White "Mamedyarov, Shakhriyar"]
[Black "Grandelius, Nils"]
[Result "1-0"]
[WhiteTitle "GM"]
[BlackTitle "GM"]
[WhiteElo "2747"]
[BlackElo "2651"]
[WhiteFideId "13401319"]
[BlackFideId "1710400"]
[EventDate "2022.10.14"]

1. Nf3 d5 2. e3 c5 3. b3 Nf6 4. Bb2 g6 5. Bb5+ Bd7 6. Be2 Bg7 7. c4 dxc4 8. bxc4
O-O 9. O-O Nc6 10. d3 Bf5 11. Nc3 Qd7 12. Qb3 Rfd8 13. Rad1 Rac8 14. a3 Na5 15.
Qa2 a6 16. Nd5 Nxd5 17. cxd5 Bxb2 18. Qxb2 Qc7 19. h3 c4 20. e4 cxd3 21. Bxd3
Bd7 22. Qb4 Qc5 23. Qd2 Qc3 24. Qh6 Qg7 25. Qe3 Bb5 26. Bxb5 axb5 27. Qb6 Nc4
28. Qxb7 Qf6 29. Rfe1 Rb8 30. Qa7 Ra8 31. Qc5 Rdc8 32. Qxb5 Nxa3 33. Qd7 Rd8 34.
Qc7 Rac8 35. Qg3 Nc2 36. Re2 Nb4 37. Red2 Rc3 38. e5 Qf5 39. Qh4 Rd7 40. Qxb4 1-0

[Event "Aimchess Rapid Prelim"]
[Site "chess24.com INT"]
[Date "2022.10.17"]
[Round "15.2"]
[White "Vidit, Santosh Gujrathi"]
[Black "Anton Guijarro, David"]
[Result "1-0"]
[WhiteTitle "GM"]
[BlackTitle "GM"]
[WhiteElo "2710"]
[BlackElo "2655"]
[WhiteFideId "5029465"]
[BlackFideId "2285525"]
[EventDate "2022.10.14"]

1. e4 c6 2. Nf3 d5 3. d3 e6 4. Nbd2 Nf6 5. g3 c5 6. Bg2 Nc6 7. O-O Be7 8. Re1 h6
9. c3 O-O 10. e5 Nh7 11. a4 b6 12. h4 f5 13. exf6 Nxf6 14. Nf1 Bd6 15. Ne3 Kh8
16. Nh2 Bd7 17. Qe2 Qe8 18. Bd2 Qg6 19. Nf3 Rae8 20. a5 Nxa5 21. b4 cxb4 22.
cxb4 Nb3 23. Rxa7 Nxd2 24. Qxd2 Bb5 25. Rb7 Rb8 26. Rxb8 Rxb8 27. Nc4 Bxc4 28.
Rxe6 Bxd3 29. Rxd6 Bc4 30. Qf4 Re8 31. Rxb6 Kh7 32. Bh3 Nh5 33. Qf5 1-0

[Event "Aimchess Rapid Prelim"]
[Site "chess24.com INT"]
[Date "2022.10.17"]
[Round "15.4"]
[White "Harikrishna, Pentala"]
[Black "Aditya, Mittal"]
[Result "1-0"]
[WhiteTitle "GM"]
[BlackTitle "IM"]
[WhiteElo "2717"]
[BlackElo "2486"]
[WhiteFideId "5007003"]
[BlackFideId "35042025"]
[EventDate "2022.10.14"]

1. d4 Nf6 2. c4 e6 3. Nf3 d5 4. e3 b6 5. Nc3 Bb7 6. b3 a6 7. Bb2 Nbd7 8. Bd3 Bd6
9. Qc2 O-O 10. O-O dxc4 11. bxc4 Bxf3 12. gxf3 c5 13. dxc5 Nxc5 14. Be2 Qc7 15.
f4 e5 16. Bf3 Rad8 17. Kh1 exf4 18. Rg1 Be5 19. exf4 Bd4 20. Nd5 Rxd5 21. Bxd5
Qxf4 22. Bxd4 Qxd4 23. Rad1 Qe5 24. Rg3 Nh5 25. Re3 Qc7 26. Rde1 Nf6 27. Qf5 Qd6
28. Rf3 Ncd7 29. Qf4 Qc5 30. Qg5 h6 31. Qf5 b5 32. Rg1 bxc4 33. Qg6 Ne8 34.
Bxf7+ Kh8 35. Bxe8 Qe7 36. Rxf8+ Nxf8 37. Qf7 Qe4+ 38. f3 1-0

[Event "Aimchess Rapid Prelim"]
[Site "chess24.com INT"]
[Date "2022.10.17"]
[Round "15.7"]
[White "Naroditsky, Daniel"]
[Black "Mamedyarov, Shakhriyar"]
[Result "1/2-1/2"]
[WhiteTitle "GM"]
[BlackTitle "GM"]
[WhiteElo "2617"]
[BlackElo "2747"]
[WhiteFideId "2026961"]
[BlackFideId "13401319"]
[EventDate "2022.10.14"]

1. e4 e5 2. Nf3 Nc6 3. Bb5 a6 4. Ba4 Nf6 5. O-O Nxe4 6. d4 b5 7. Bb3 d5 8. dxe5
Be6 9. c3 Be7 10. Nbd2 Nc5 11. Bc2 d4 12. Nb3 d3 13. Bb1 Nxb3 14. axb3 Bf5 15.
b4 O-O 16. h3 Qd7 17. Re1 Rfd8 18. Re3 Kh8 19. Ba2 Be6 20. Bb1 Bf5 21. Ba2 Be6
22. Bb1 Bf5 1/2-1/2